Economía internacional
保存先:
| 第一著者: | |
|---|---|
| フォーマット: | 図書 |
| 言語: | スペイン語 |
| 出版事項: |
Bogotá
McGraw-Hill
1982
|
| 主題: | |
| タグ: |
タグ追加
タグなし, このレコードへの初めてのタグを付けませんか!
|
MARC
| LEADER | 00000nam a2200000 a 4500 | ||
|---|---|---|---|
| 001 | UCX1067 | ||
| 003 | CL-VaPUC | ||
| 008 | 900529e19820000CK |||||||||||||||||spa|d | ||
| 082 | 0 | 4 | |a 382 |b CHA |2 21 |
| 100 | 0 | |a Chacholiades, Miltiades |e author |9 316475 | |
| 245 | 1 | 0 | |a Economía internacional |
| 300 | |a 677 p | ||
| 942 | |c BK | ||
| 945 | |d 19900529 00:00:00 | ||
| 260 | |a Bogotá |b McGraw-Hill |c 1982 | ||
| 650 | 0 | |a Balanza de pagos |9 316476 | |
| 650 | 0 | |a Economía internacional |9 258254 | |
| 650 | 0 | |a Política comercial |9 259070 | |
| 583 | |a last modification |c 19900529 00:00:00 |k Rodrigo Vera | ||
| 999 | |c 222403 |d 222401 | ||
| 952 | |0 0 |1 0 |4 0 |6 382_000000000000000_CHA_1982 |7 0 |8 A |9 217072 |a BIBENE |b BIBENE |d 2019-11-15 |i 2860368 |o 382 CHA 1982 |p 2860368 |r 2025-01-15 |w 2019-11-15 |y BK |k ICO | ||
| 952 | |0 0 |1 0 |4 0 |6 382_000000000000000_CHA_1982 |7 0 |8 A |9 217073 |a BIBENE |b BIBENE |d 2019-11-15 |i 2860376 |o 382 CHA 1982 |p 2860376 |r 2025-01-15 |w 2019-11-15 |y BK |k ICO | ||
| 952 | |0 0 |1 0 |4 0 |6 382_000000000000000_CHA_1982 |7 0 |8 A |9 217074 |a BIBGIM |b BIBGIM |d 2019-11-15 |i 2860384 |o 382 CHA 1982 |p 2860384 |r 2025-01-15 |w 2019-11-15 |y BK |k SSL | ||
| 952 | |0 0 |1 0 |4 0 |6 382_000000000000000_CHA_1982 |7 0 |8 A |9 217075 |a BIBENE |b BIBENE |d 2019-11-15 |i 2860392 |o 382 CHA 1982 |p 2860392 |r 2025-01-15 |w 2019-11-15 |y BK |k ICO | ||
| 952 | |0 0 |1 0 |4 0 |6 382_000000000000000_CHA_1982 |7 0 |8 A |9 217077 |a BIBENE |b BIBENE |d 2019-11-15 |i 2860414 |o 382 CHA 1982 |p 2860414 |r 2025-01-15 |w 2019-11-15 |y BK |k ICO | ||
| 952 | |0 0 |1 0 |4 0 |6 382_000000000000000_CHA_1982 |7 0 |8 A |9 217078 |a BIBENE |b BIBENE |d 2019-11-15 |i 2860422 |o 382 CHA 1982 |p 2860422 |r 2025-01-15 |w 2019-11-15 |y BK |k ICO | ||
| 952 | |0 0 |1 0 |4 0 |6 382_000000000000000_CHA_1982 |7 0 |8 A |9 217079 |a BIBGIM |b BIBGIM |d 2019-11-15 |i 194603K |o 382 CHA 1982 |p 194603K |r 2025-01-15 |w 2019-11-15 |y BK |k COM | ||
| 952 | |0 0 |1 0 |4 0 |6 382_000000000000000_CHA_1982 |7 0 |8 A |9 217080 |a BIBGIM |b BIBGIM |d 2019-11-15 |i 1946625 |o 382 CHA 1982 |p 1946625 |r 2025-01-15 |w 2019-11-15 |y BK |k COM | ||